00670 a2200193 4500003000500000005001700005010001700022020003100039040000900070082001800079100002600097245008500123250001200208260004100220300005600261505011000317650002300427700002600450Nust20230202075808.0 a 2011025116 a9780073380575 (alk. paper) cNust00a621.31924,ALE1 aAlexander, Charles K.10aFundamentals of electric circuits /cCharles K. Alexander, Matthew N. O. Sadiku. a3rd ed. aNew York, NY :bMcGraw-Hill,cc2013. axxii, 905, [64] p. :bill. (chiefly col.) ;c27 cm. aPart.1 DC Circuits (Page-2), Part.2 AC Circuits (Page-368), Part.3 Advanced Circuit Analysis (Page-674).  0aElectric circuits.1 aSadiku, Matthew N. O.